000
00208 a2200097 4500
001
47366
100
_a
Saundby R
245
_a
Air bombardment
260
_a
London
_b
Chatto & windus
_c
090
_c
30401
_d
30401
942
_a
NUST-CAE
_c
M
_c
22672
999
_c
282439
_d
282439